Roger Federer Tile Select Quiz - Statistics

General Stats
  • This quiz has been taken 194 times
  • The average score is 34 of 48
Answer Stats
Question Tile Select % Correct
Roger Federer has won it before Basel Yes
91%
Roger Federer has won it before Moscow No
89%
Roger Federer has won it before Halle Yes
88%
Roger Federer has won it four or more times Istanbul No
88%
Roger Federer has won it before Miami Yes
88%
Roger Federer has won it before Roland Garros Yes
88%
Roger Federer has won it before Dubai Yes
86%
Roger Federer has won it before Acapulco No
85%
Roger Federer has won it before Shanghai Yes
85%
Roger Federer has won it four or more times Stockholm No
85%
Roger Federer has won it four or more times Gstaad No
83%
Roger Federer has won it four or more times Wimbledon Yes
83%
Roger Federer has won it four or more times Brisbane No
81%
Roger Federer has won it four or more times US Open Yes
81%
Roger Federer has won it before Auckland No
80%
Roger Federer has won it four or more times Basel Yes
80%
Roger Federer has won it four or more times Halle Yes
78%
Roger Federer has won it four or more times Madrid No
78%
Roger Federer has got to the final of it Pune No
78%
Roger Federer has won it four or more times Paris No
77%
Roger Federer has won it four or more times Doha No
75%
Roger Federer has got to the final of it Sofia No
75%
Roger Federer has got to the final of it Antwerp No
74%
Roger Federer has got to the final of it Rome Yes
74%
Roger Federer has won it before Doha Yes
72%
Roger Federer has won it before Monte-Carlo No
71%
Roger Federer has got to the final of it s-Hertogenbosch No
70%
Roger Federer has got to the final of it Monte-Carlo Yes
69%
Roger Federer has got to the final of it Moscow No
69%
Roger Federer has won it before Rome No
69%
Roger Federer has won it four or more times Shanghai No
69%
Roger Federer has won it four or more times Indian Wells Yes
66%
Roger Federer has won it before Stuttgart Yes
66%
Roger Federer has got to the final of it Barcelona No
65%
Roger Federer has won it before Queens Club No
65%
Roger Federer has got to the final of it Queens Club No
64%
Roger Federer has won it four or more times Cincinnati Yes
59%
Roger Federer has got to the final of it Montreal Yes
59%
Roger Federer has won it four or more times Miami Yes
56%
Roger Federer has won it before Brisbane Yes
55%
Roger Federer has got to the final of it Brisbane Yes
52%
Roger Federer has got to the final of it Geneva No
52%
Roger Federer has got to the final of it Beijing No
51%
Roger Federer has got to the final of it Tokyo Yes
45%
Roger Federer has won it before Vienna Yes
44%
Roger Federer has got to the final of it Stockholm Yes
35%
Roger Federer has got to the final of it Munich Yes
30%
Roger Federer has won it four or more times Hamburg Yes
23%
No matching quizzes found
Score Distribution
Percent of People with Each Score
Percentile by Number Answered
Your Score History
You have not taken this quiz